000 00523nam a22001817a 4500
003 PILC
005 20150730074657.0
008 130223t xxu||||| |||| 00| 0 eng d
020 _a0273634216
050 _aHF 5415.32
_b.W893 1995
082 _aMkSFr 658.821
_bW85 1995
100 _aWoodruffe, Helen
_916108
245 _aServices Marketing /
_cHelen Woodruffe
260 _a (New Delhi)
_b: MacMillan India Limited
_c1995.
300 _a307 pages :
_c24 cm.
_billustrations ;
650 _aMarketing.
942 _2lcc
_cBK
999 _c14561
_d14561